000 00340 a2200145 4500
001 170613
020 _a
040 _cMagnum
100 _aMinisterio da Educacao e Cultura
240 1 0 _aCadernos da tv escola: portugues - 2
_lpor
245 1 0 _aCadernos da tv escola: portugues - 2
362 0 _a1899
697 _aENSINO
942 _cBK
999 _c170613
_d170613